Ecología /
Guardado en:
| Autor Principal: | |
|---|---|
| Formato: | Libro |
| Idioma: | Spanish |
| Publicado: |
Barcelona :
Omega,
c1978.
|
| Materias: | |
| Etiquetas: |
Agregar Etiqueta
Sin Etiquetas, Sea el primero en etiquetar este registro!
|
| LEADER | 01037nam a22002415a 4500 | ||
|---|---|---|---|
| 001 | EUN.um026221 | ||
| 008 | 041125s1978####sp#a#####b####001#0#spa#d | ||
| 005 | 20170919125843.0 | ||
| 245 | 1 | 0 | |a Ecología / |c Ramón Margalef. |
| 260 | |a Barcelona : |b Omega, |c c1978. | ||
| 300 | |a xv, 951 p. : |b il. (algunas col.) ; |c 27 cm. | ||
| 504 | |a Incluye referencias bibliográficas e índices. | ||
| 020 | |a 8428204055 | ||
| 100 | 1 | |a Margalef, Ramón. | |
| 082 | 0 | 4 | |a 574.5 |2 19 |
| 650 | 7 | |a Ecología. |2 unbist | |
| 859 | |a Ar-BaUNS |b BIB. CENTRAL - Sector A |h 574.5 |i M336-1 |p 102093/993 |t Ej.7 | ||
| 859 | |a Ar-BaUNS |b BIB. CENTRAL - Sector A |h 574.5 |i M336-1 |p 80795/978 | ||
| 859 | |a Ar-BaUNS |b BIB. CENTRAL - Sector A |h 574.5 |i M336-1 |p 90841/983 |t Ej.2 | ||
| 859 | |a Ar-BaUNS |b BIB. CENTRAL - Sector A |h 574.5 |i M336-1 |p 90840/983 |t Ej.3 | ||
| 859 | |a Ar-BaUNS |b BIB. CENTRAL - Sector A |h 574.5 |i M336-1 |p 90890/983 |t Ej.4 | ||
| 859 | |a Ar-BaUNS |b BIB. CENTRAL - Sector A |h 574.5 |i M336-1 |p 90947/984 |t Ej.5 | ||
| 859 | |a Ar-BaUNS |b BIB. CENTRAL - Sector A |h 574.5 |i M336-1 |p 91033/984 |t Ej.6 | ||
